ภาษิต คำพังเพย สำนวนไทย ฉบับราชบัณฑิตยสถาน [15th] (ระเบียนเลขที่ 62774)
| 000 -LEADER | |
|---|---|
| fixed length control field | 00970nam a22002177a 4500 |
| 005 - DATE AND TIME OF LATEST TRANSACTION | |
| control field | 20210325205141.0 |
| 008 - FIXED-LENGTH DATA ELEMENTS--GENERAL INFORMATION | |
| fixed length control field | s2553 th ||||| |||| 00| 0 tha d |
| 020 ## - INTERNATIONAL STANDARD BOOK NUMBER | |
| International Standard Book Number | 9786167073200 |
| 050 ## - LIBRARY OF CONGRESS CALL NUMBER | |
| Classification number | PN6519.T45 ร421ภ 2553 |
| 245 10 - TITLE STATEMENT | |
| Title | ภาษิต คำพังเพย สำนวนไทย ฉบับราชบัณฑิตยสถาน [15th] |
| 260 3# - PUBLICATION, DISTRIBUTION, ETC. | |
| Place of publication, distribution, etc. | กรุงเทพฯ : |
| Name of publisher, distributor, etc. | ราชบัณฑิตยสถาน (สนามเสือป่า), |
| Date of publication, distribution, etc. | 2553 |
| 300 ## - PHYSICAL DESCRIPTION | |
| Extent | 123 หน้า ; |
| Other physical details | 21 ซม. |
| 610 ## - SUBJECT ADDED ENTRY--CORPORATE NAME | |
| Corporate name or jurisdiction name as entry element | ราชบัณฑิตยสถาน |
| 650 04 - SUBJECT ADDED ENTRY--TOPICAL TERM | |
| Topical term or geographic name entry element | ภาษาไทย -- สำนวนโวหาร |
| 650 04 - SUBJECT ADDED ENTRY--TOPICAL TERM | |
| Topical term or geographic name entry element | สุภาษิตและคำพังเพยไทย |
| 850 ## - HOLDING INSTITUTION | |
| Holding institution | NALT |
| 942 ## - ADDED ENTRY ELEMENTS (KOHA) | |
| Koha item type | General Book |
| 997 ## - | |
| -- | บ 23447 |
| 997 ## - | |
| -- | 000000000062774 |
| 998 ## - LOCAL CONTROL INFORMATION (RLIN) | |
| -- | นางสุกัญญา กัลยา |
| Withdrawn status | Lost status | Damaged status | Not for loan | Collection code | Home library | Current library | Source of acquisition | Total Checkouts | Full call number | Barcode | Date last seen | Price effective from | Koha item type | Source of classification or shelving scheme | Shelving location | Date acquired |
|---|---|---|---|---|---|---|---|---|---|---|---|---|---|---|---|---|
| General Book collection | National Assembly Library of Thailand | National Assembly Library of Thailand | บริจาค | PN 6519.T45 ร421ภ 2553 | 3961184180 | 09/06/2017 | 09/06/2017 | General Book | ||||||||
| Senate | National Assembly Library of Thailand | National Assembly Library of Thailand | PN 6519.T45 ร421ภ 2553 | 0100004823001 | 31/01/2024 | 29/01/2024 | General Book | Library of Congress Classification | General Book shelves | 29/01/2024 |
